| 000 | 00529nam a2200181 i 4500 | ||
|---|---|---|---|
| 001 | 45258 | ||
| 003 | ES-MaACL | ||
| 005 | 20250702020059.0 | ||
| 007 | t| | ||
| 008 | 030325s1913 fr ||||1| fre d | ||
| 100 | 1 |
_aCochin, Denys. _939396 |
|
| 245 | 1 | 4 |
_aLes grands philosophes _b: Descartes / _cpar Denys Cochin. |
| 260 |
_aParis : _bFélix Alcan, _c1913 ( _eMesnil : _fFirmin Didot) |
||
| 300 |
_a279 p. ; _c23 cm. |
||
| 600 | 1 | 4 |
_aDescartes, René, _d1596-1650 _943838 |
| 852 |
_aES-MaACL _jD-1646 |
||
| 999 |
_c45258 _d45258 |
||